000 00586nam a2200181 4500
001 110399
003 ES-MaACL
007 t|
008 061121s1955 sp r ||||1| spa d
100 1 _aOrdóñez Ancin, Jesús.
_987195
245 1 3 _aLa tartamudez vencida
_b: ( método de convergencia ortofónica) /
_cJesús Ordóñez Ancin.
260 _aMadrid :
_bEnciclopédica,
_c1955.
300 _a167 p. ;
_c18 cm.
490 1 _aColección aprenda por sí mismo
830 0 _aColección aprenda por sí mismo
_9233021
852 _aES-MaACL
_jC-9844
_bR.38073
999 _c110399
_d110399